1893 1088 1056 1699 1584 1353 1601 1626 1582 1832 1936 1650 1850 1204 1649 1825 1147 1616 1494 1989 1439 1412 1437 1330 1672 1191 1131 1981 1648 1549 1159 1838 1286 1509 1769 1857 1839 1248 1308 1294 1741 1587 1326 1854 1753 1270 1776 1217 1562 1842 1224 1540 1968 1338 1367 1255 1117 1980 1409 1417 1236 1073 1795 1072 1016 1688 1613 1303 1016 1856 1274 1491 1953 1836 1303 1524 1940 1550 1888 1092 1537 1145 1008 1730 1090 1407 1695 1756 1368 1009 1845 1210 1130 1520 1383 1922 1392 1070 1515 BCNSPRNW ULIB Ver.6.0+V

เปลี่ยนเป็นภาษาไทย

Change to English
 แสดงรายละเอียดบรรณานุกรม
  กลับหน้าหลัก

Brief Record : Get Marc (ISO 2709) : E-mail record : QR code < ปิดหน้าต่าง
LEADER : 00000nam 2200000uu 4500
001    13399125792
003     ULIB
008    170905s2559||||th 000 0 tha d
020    ^a9786162713378
060    ^aWQ209^bน664ค 2559
100 0  ^aนิลภา พฤกษานุศักดิ์
245 10 ^aคลื่นเสียงความถี่สูงในภาวะแทรกซ้อนทางสูติศาสตร์ที่พบบ่อย /^cนิลภา พฤกษานุศักดิ์
246 31 ^aUltrasonography in Common Obstetricsl Complications
250    ^aพิมพ์ครั้งที่ 1
260    ^aสงขลา :^bภาควิชาสูติศาสตร์และนรีเวชวิทยา คณะแพทยศาสตร์ มหาวิทยาลัยสงขลานครินทร์,^c2559
300    ^a148 หน้า ;^bภาพประกอบ
504    ^aบรรณานุกรมและดัชนีท้ายเล่ม
650  7 ^aสูติศาสตร์ ^xการบันทึกคลื่นเสียงความถี่สูง
650  7 ^aภาวะฉุกเฉินทางสูติศาสตร์
650  7 ^aภาวะแทรกซ้อนขณะมีครรภ์
690    ^aสิ่งพิมพ์มหาวิทยาลัยสงขลานครินทร์
710 2  ^aมหาวิทยาลัยสงขลานครินทร์^bภาควิชาสูติศาสตร์และนรีเวชวิทยา คณะแพทยศาสตร์
945    ^p380^l0^i25419
945    ^p380^l0^i25420
945    ^p380^l0^i25421
999    ^aกัณชพร จุลอักษร
รายการนี้ยังไม่มีแท็ก
คุณยังไม่ได้ล็อกอิน คุณสามารถมีกิจกรรมร่วมกับเว็บไซต์ได้ แต่ต้องล็อกอินก่อน ::
  ล็อกอิน

รายการสื่อสารสนเทศ

ลำดับที่ ประเภท เลขเรียก/บาร์โค้ด สถานที่ สถานะ
1. หนังสือสำรอง
หนังสือสำรอง
WQ209 น664ค 2559 ฉ.1 
  Barcode: 25419
ห้องสมุดวิทยาเขตนครสวรรค์
►หนังสือทั่วไป:l:General Books
บนชั้น
2. วิทยาศาสตร์การแพทย์ และสุขภาพ
วิทยาศาสตร์การแพทย์ และสุขภาพ
WQ209 น664ค 2559 ฉ.2 
  Barcode: 25420
ห้องสมุดวิทยาเขตนครสวรรค์
►หนังสือทั่วไป:l:General Books
บนชั้น
3. วิทยาศาสตร์การแพทย์ และสุขภาพ
วิทยาศาสตร์การแพทย์ และสุขภาพ
WQ209 น664ค 2559 ฉ.3 
  Barcode: 25421
ห้องสมุดวิทยาเขตนครสวรรค์
►หนังสือทั่วไป:l:General Books
บนชั้น

รายการใกล้เคียง
    ผู้แต่ง [นิลภา พฤกษานุศักดิ์]

    หัวเรื่อง [ภาวะฉุกเฉินทางสูติศาสตร์]
    หัวเรื่อง [ภาวะแทรกซ้อนขณะมีครรภ์]

BibComment


ยังไม่เคยถูกคอมเมนท์

คอมเมนท์ทรัพยากรรายการนี้
  คอมเมนท์: คลื่นเสียงความถี..


 Copyright 2026. Bcnsprnw @Library